00780nam a2200229Ia 45000010006000000050017000060070003000230080041000260400025000670410008000920820023001001000024001232450111001472500014002582600041002723000027003136530020003406530015003609420012003759520146003879990017005333510820240114001800.0ta070312s1994 a g b000 u asm u aCotton College,Assam aasm a891.414bBo 644 Om aBara, Dhrubajyoti . 0aO Mor Suria Mat: Adhunik Jatiya Bhasa Hichape Asamiya Bhasa Bikash /cDhrubajyoti Bara.hTextual Documents a1st ed. / aGuwahati :bStudents Stores ,c1994. a135p. :bill ;c22cm . aAssamese Essays aG-Assamese 2ddccBK 001040708Circulation (G)aSKBLbSKBLd2012-02-01f00000l1o891.414 Bo 644 Omp3102/Asr2026-02-25 11:39:52s2025-11-17t1w2012-02-01yBK c35090d35090